000 01099nam a22003497a 4500
001 0065781
003 KOHA_MİRAKIL
005 20260207004613.0
007 ta
008 200819b2020 tu |||gr||||#0|||0|tur |
020 _a9786054619412
040 _aTR-BiSEU
_btur
_cTR-BiSEU
_erda
041 0 _atur
044 _ctu
050 _aHV5801
_b.S69 2020
100 1 _aSözer, Sabri.
245 1 _aUyuşturucu maddeler ve problemleri/
_cSabri Sözer ; Sabri Sözer.
250 _a2. Baskı
264 1 _aAnkara :
_bPolis Akademisi
_c2020
300 _a273 sayfa: resimli ;
_c21 cm.
336 _ametin
_btxt
_2rdacontent
337 _aaracısız
_bn
_2rdamedia
338 _acilt
_bnc
_2rdacarrier
490 1 _aPolis Akademisi Yayınları ;
_v88.
490 1 _a Türk Polis Kültürü Kitapları Dizisi ;
_v3
650 0 _aMadde bağımlılığı.
_988399
650 0 _aUyuşturucu maddeler.
_9123439
830 1 _aPolis Akademisi Yayınları ;
_v88.
_955619
830 1 _a Türk Polis Kültürü Kitapları Dizisi ;
_v3
_9123440
907 _aSosyal Bilimler
942 _2lcc
_cBK
999 _c66116
_d66116